000 01814cam a22004814i 4500
003 PE-LiUPU
005 20250731173257.0
008 150625s2002 ag a r 000 0 spa d
020 _a987 557 04 1
035 _a(Sirsi) i987557041
040 _aPE-LiUPU
_bspa
_cPE-LiUPU
_erda
049 _aPRUA
082 0 4 _a248.4
_bM48
_221
100 1 _aMeyer Paul J.,
_eautor.
245 1 4 _aLas 25 llaves de un buen legado :
_babriendo puertas para nuestra descendencia /
_cPaul J. Meyer.
246 _aLas veinticinco llaves de un buen legado
264 1 _aBuenos Aires, Argentina :
_bPeniel,
_c2002.
300 _a302 páginas :
_bilustraciones ;
_c21 centímetros
336 _atext
_2rdacontent
337 _aunmediated
_2rdamedia
338 _avolume
_2rdacarrier
500 _aPrefacio por, Jhon C. maxwell.
505 0 _aEl punto de partida de todo buen legado -- Actitudes para vivir la vida cristiana -- Como ser fiel a uno mismo -- Mi trabajo es mi ministerio -- Cómo poner la vida en orden. Para vivir la vida en plenitud -- El más grande de todos los legados.
526 _aSEG42
526 _aSEG41
526 _aSEG40
526 _aSEG39
526 _aP94
526 _aP87
526 _aP86
526 _aP85
526 _aP77
526 _aP76
526 _aP35
650 0 4 _aVida cristiana.
650 0 4 _aLiderazgo.
942 _2ddc
_cBOOK
949 _a248.4 M48
_wDEWEY
_c1
_i53778
_lCCODEBUL1
_mBUL
_r0
_sY
_tBOOK
_u2015-6-25
_xTEOLOGIA
_zUNKNOWN
_0COMPRA
_o.STAFF. Colección General
994 _aC0
_bPEPRU
596 _a1
999 _a248.4 M48
_wDEWEY
_c43888
_i53778
_f2021-11-10
_g5
_lCCODEBUL1
_mBUL
_p10.00
_r0
_sY
_tBOOK
_u2015-6-25
_xTEOLOGIA
_PP35
_0COMPRA
_o.STAFF. Colección Teología
_d43888
980 _81
_gALBERTO SANCHEZ Responsable de Automatización